[Event "XXV OOM - Mistrzostwa Polski Juniorow Mlodszych - Chlopcy do lat 12"]
[Site "Sielpia"]
[Date "1899-12-30"]
[Round "5.19"]
[White "Wierzbicki, Dawid"]
[Black "Skrzypinski, Jan"]
[Result "1-0"]
[WhiteTitle "I"]
[BlackTitle "II+"]
[WhiteElo "1500"]
[BlackElo "1365"]

1. e4 c5 2. Nf3 d6 3. d4 cxd4 4. Qxd4 Nc6 5. Bb5 Bd7 6. Qd3 g6 7. Nc3 Bg7 8. Bg5
Nf6 9. O-O-O O-O 10. e5 Ng4 11. exd6 Nce5 12. Nxe5 Nxe5 13. Qe2 Bxb5 14. Qxb5
f6 15. dxe7 Qxe7 16. Be3 b6 17. Kb1 Rfd8 18. Rd5 Kh8 19. Rhd1 Rxd5 20. Qxd5 Re8
21. h3 Qe6 22. Qxe6 Rxe6 23. Rd8+ Bf8 24. Rxf8+ Kg7 25. Rd8 Kf7 26. a4 Nc4 27.
Rd7+ Re7 28. Rxe7+ Kxe7 29. b3 Nd6 30. Nb5 Nxb5 31. axb5 Kd6 32. c4 f5 33. Kc2
Ke5 34. Kd3 f4 35. Bd4+ Kf5 36. b4 h5 37. c5 bxc5 38. bxc5 Ke6 39. c6 Kd6 40.
Bxa7 Kc7 41. Kd4 g5 42. Kd5 h4 43. f3 g4 44. b6+ Kd8 45. Kd6 Ke8 46. c7 Kf7 47.
c8=Q Kf6 48. Qf8+ Kg5 49. Ke6 gxf3 50. Qf6+ Kh5 51. Kf5 fxg2 52. Qh8# 1-0

[Event "XXV OOM - Mistrzostwa Polski Juniorow Mlodszych - Chlopcy do lat 12"]
[Site "Sielpia"]
[Date "1899-12-30"]
[Round "5.20"]
[White "Sukiennik, Oliwier"]
[Black "Wydmanski, Szymon"]
[Result "1-0"]
[WhiteTitle "II+"]
[BlackTitle "II"]
[WhiteElo "1466"]
[BlackElo "1319"]

1. e4 c5 2. Nf3 e6 3. d3 Nc6 4. Nbd2 d5 5. g3 Nf6 6. Bg2 b6 7. O-O Bb7 8. e5 Nd7
9. Re1 Qc7 10. Qe2 h6 11. Nf1 g5 12. c3 Bg7 13. d4 cxd4 14. cxd4 Nb4 15. Ne3 Ba6
16. Qd2 Nd3 17. Rd1 Nxc1 18. Raxc1 Qd8 19. b3 h5 20. Ne1 h4 21. Ng4 hxg3 22. fxg3
f5 23. exf6 Bxf6 24. Nf3 Rh5 25. Re1 Kf7 26. Qf2 Nf8 27. Nfe5+ Kg7 28. Nxf6 Ng6
29. Nxh5+ 1-0

[Event "XXV OOM - Mistrzostwa Polski Juniorow Mlodszych - Chlopcy do lat 12"]
[Site "Sielpia"]
[Date "1899-12-30"]
[Round "5.21"]
[White "Kolendo, Kajetan"]
[Black "Wiszniewski, Szymon"]
[Result "1/2-1/2"]
[WhiteTitle "II"]
[BlackTitle "II+"]
[WhiteElo "1197"]
[BlackElo "1445"]

1. e4 c5 2. c3 Nf6 3. e5 Nd5 4. d4 cxd4 5. cxd4 Nc6 6. Bc4 Nb6 7. Bb3 e6 8. Nf3
d6 9. O-O Be7 10. Bf4 O-O 11. Nc3 a6 12. exd6 Bxd6 13. Bxd6 Qxd6 14. d5 exd5 15.
Nxd5 Nxd5 16. Bxd5 Rd8 17. Re1 Bg4 18. Re8+ Rxe8 19. Bxf7+ Kxf7 20. Qxd6 Bxf3
21. Qf4+ Kg8 22. Qxf3 Kh8 23. h3 Rac8 24. Rd1 b5 25. Rd6 Ne5 26. Qb7 Rc1+ 27.
Kh2 Rc2 28. Qe4 Rxf2 29. Qd5 Nf7 30. Rd7 Rf8 1/2-1/2

[Event "XXV OOM - Mistrzostwa Polski Juniorow Mlodszych - Chlopcy do lat 12"]
[Site "Sielpia"]
[Date "1899-12-30"]
[Round "5.22"]
[White "Sniadecki, Oskar"]
[Black "Krol, Jan"]
[Result "1/2-1/2"]
[WhiteTitle "II"]
[BlackTitle "II+"]
[WhiteElo "1345"]
[BlackElo "1405"]

1. e4 c5 2. d4 cxd4 3. c3 dxc3 4. Nxc3 e6 5. Nf3 a6 6. Bd3 b5 7. O-O Bb7 8. a3
Be7 9. Qe2 d6 10. Rd1 Nd7 11. Bf4 Ngf6 12. Rac1 O-O 13. Bb1 e5 14. Bg3 Rc8 15.
Nh4 Qb6 16. Nf5 Rfe8 17. Qd3 Nc5 18. Qe3 Rcd8 19. b4 Ncd7 20. Qxb6 Nxb6 21. Bxe5
Nc4 22. Nxe7+ Rxe7 23. Bxf6 gxf6 24. Nd5 Bxd5 25. Rxd5 Re5 26. Rd3 Kf8 27. f3
Kg7 28. Ba2 Rc8 29. Bxc4 bxc4 30. Rdc3 d5 31. exd5 Rxd5 32. Rxc4 Rcd8 33. R1c2
Rd3 34. a4 Ra3 35. b5 1/2-1/2

[Event "XXV OOM - Mistrzostwa Polski Juniorow Mlodszych - Chlopcy do lat 12"]
[Site "Sielpia"]
[Date "1899-12-30"]
[Round "5.23"]
[White "Zalega, Maciej"]
[Black "Adamala, Jacek"]
[Result "0-1"]
[WhiteTitle "II+"]
[BlackTitle "II"]
[WhiteElo "1538"]
[BlackElo "1317"]

1. e4 e5 2. Nf3 Nc6 3. Bc4 Bc5 4. c3 Nf6 5. d3 d6 6. h3 h6 7. O-O O-O 8. Nbd2 a6
9. a4 Be6 10. Bxe6 fxe6 11. b4 Ba7 12. Qb3 Qd7 13. Nc4 b5 14. axb5 axb5 15. Na3
d5 16. exd5 exd5 17. Be3 Bxe3 18. fxe3 Rab8 19. Rae1 e4 20. dxe4 Nxe4 21. Rd1
Ne7 22. Nc2 Ng3 23. Rf2 Ne4 24. Rff1 Qc6 25. Rd3 Kh8 26. Ne5 Rxf1+ 27. Kxf1 Qf6+
28. Nf3 Ng5 29. Ncd4 Nxf3 30. Nxf3 c6 31. Qa2 Qf5 32. Ke2 Rf8 33. Rd1 Qg6 34.
Rg1 Qg3 35. Qa7 Rxf3 36. gxf3 Qxg1 37. Qxe7 Qg2+ 38. Kd3 Qxf3 39. Qe8+ Kh7 40.
Qxc6 Qd1# 0-1

[Event "XXV OOM - Mistrzostwa Polski Juniorow Mlodszych - Chlopcy do lat 12"]
[Site "Sielpia"]
[Date "1899-12-30"]
[Round "5.24"]
[White "Jaskiewicz, Kacper"]
[Black "Zieba, Hubert"]
[Result "1/2-1/2"]
[WhiteTitle "II"]
[BlackTitle "I"]
[WhiteElo "1372"]
[BlackElo "1419"]

1. e4 c5 2. Nc3 Nc6 3. f4 g6 4. Nf3 Bg7 5. d3 d6 6. Be2 Nf6 7. O-O O-O 8. h3 Bd7
9. Rb1 a6 10. Bd2 Nd4 11. Be3 Nc6 12. Qc1 b5 13. Nh2 b4 14. Nd1 Nd4 15. Qd2 a5
16. Nf2 Qc7 17. Bd1 Ne8 18. Nf3 f5 19. Re1 Nb5 20. e5 d5 21. c3 e6 22. g4 Rc8
23. g5 Qa7 24. d4 bxc3 25. bxc3 c4 26. a4 Nbc7 27. Qa2 Na6 28. Bc2 Nec7 29. Kg2
Rb8 30. h4 Rxb1 31. Rxb1 Rb8 32. Rxb8+ Qxb8 33. Bc1 Bf8 34. Nd1 1/2-1/2

[Event "XXV OOM - Mistrzostwa Polski Juniorow Mlodszych - Chlopcy do lat 12"]
[Site "Sielpia"]
[Date "1899-12-30"]
[Round "5.25"]
[White "Iwaszkiewicz, Grzegorz"]
[Black "Kozera, Dawid"]
[Result "0-1"]
[WhiteTitle "II"]
[BlackTitle "II"]
[WhiteElo "1403"]
[BlackElo "1280"]

1. d4 d5 2. c4 e6 3. Nc3 Nf6 4. Bg5 Be7 5. Nf3 O-O 6. e3 b6 7. cxd5 exd5 8. Bd3
Bb7 9. O-O Nbd7 10. Qc2 h6 11. Bh4 Re8 12. Rfd1 Ne4 13. Nxd5 Bxd5 14. Bxe4 Nf6
15. Bxd5 Nxd5 16. Bxe7 Qxe7 17. a3 Nf6 18. Rac1 Rac8 19. Qc6 Red8 20. Rc2 Ne8
21. Ne5 Qxe5 22. Rdc1 Qd5 23. Qa4 Qb7 24. Rc6 Rd6 25. d5 Rxd5 26. Qg4 Rd6 27.
R6c4 Rg6 28. Qh3 Nd6 29. Rc6 Ne4 30. f3 Ng5 31. Qd7 Rxc6 32. Rxc6 Ne6 33. b4 Rd8
0-1

[Event "XXV OOM - Mistrzostwa Polski Juniorow Mlodszych - Chlopcy do lat 12"]
[Site "Sielpia"]
[Date "1899-12-30"]
[Round "5.26"]
[White "Baszczynski, Gabriel"]
[Black "Krasniewski, Maciej"]
[Result "1-0"]
[WhiteTitle "II+"]
[BlackTitle "I"]
[WhiteElo "1501"]
[BlackElo "1537"]

1. d4 Nf6 2. c4 g6 3. Nf3 Bg7 4. e3 d6 5. Be2 O-O 6. O-O c6 7. b3 Bg4 8. Nbd2 Nfd7
9. Bb2 c5 10. Rb1 Nc6 11. d5 Nce5 12. Nxe5 Bxe2 13. Qxe2 Nxe5 14. f4 Nd7 15. Bxg7
Kxg7 16. e4 Qc7 17. f5 Rae8 18. Qg4 Nf6 19. Qf3 Qd7 20. g4 h6 21. Rbe1 Qd8 22.
e5 dxe5 23. Rxe5 Qd6 24. Qc3 Kg8 25. h3 Nd7 26. Re2 gxf5 27. Rxf5 Qg6 28. Rg2
Kh7 29. Qd3 Rg8 30. Rxf7+ Rg7 31. Rxg7+ Kxg7 32. Qxg6+ Kxg6 33. Re2 Nf6 34. Re6
Kg5 35. Ne4+ Nxe4 36. Rxe4 Kf6 37. Re6+ Kg5 38. d6 b6 39. dxe7 Kf4 40. Kf2 h5
41. gxh5 Kg5 42. Kg3 Kf5 43. Re1 Rg8+ 44. Kf3 Re8 45. h4 a6 46. a4 a5 47. h6 Kf6
48. Kf4 Kg6 49. h7 Kxh7 50. Kf5 Kg7 51. Ke6 1-0

[Event "XXV OOM - Mistrzostwa Polski Juniorow Mlodszych - Chlopcy do lat 12"]
[Site "Sielpia"]
[Date "1899-12-30"]
[Round "6.1"]
[White "Fiszer, Bartosz"]
[Black "Kutowski, Marcel"]
[Result "1-0"]
[WhiteTitle "CM"]
[BlackTitle "I"]
[WhiteElo "2119"]
[BlackElo "1604"]

1. e4 d5 2. exd5 Qxd5 3. Nc3 Qa5 4. d4 Nf6 5. Nf3 c6 6. Bc4 Bf5 7. Bd2 e6 8. Nd5
Qd8 9. Nxf6+ Qxf6 10. Qe2 Bd6 11. O-O-O Nd7 12. h4 Qd8 13. Ne5 h6 14. g4 Bh7 15.
Nxf7 Qe7 16. Nxh8 O-O-O 17. Qxe6 Qxe6 18. Bxe6 Rxh8 19. f4 Kc7 20. f5 Rf8 21.
Rde1 h5 22. gxh5 Bxf5 23. h6 gxh6 24. Bxh6 Rf6 25. Bxf5 Rxh6 26. Bxd7 Kxd7 27.
h5 Bf4+ 28. Kd1 Rd6 29. Re4 Bh6 30. Ke2 Rf6 31. Rf1 1-0

[Event "XXV OOM - Mistrzostwa Polski Juniorow Mlodszych - Chlopcy do lat 12"]
[Site "Sielpia"]
[Date "1899-12-30"]
[Round "6.2"]
[White "Meers, Hubert"]
[Black "Seemann, Jakub"]
[Result "0-1"]
[WhiteTitle "I++"]
[BlackTitle "I"]
[WhiteElo "2022"]
[BlackElo "2012"]

1. d4 Nf6 2. c4 g6 3. Nc3 Bg7 4. e4 d6 5. Nf3 O-O 6. h3 e5 7. d5 Nh5 8. g3 f5 9.
Bd3 Nf6 10. b4 a5 11. Ba3 axb4 12. Bxb4 Na6 13. Ba3 c6 14. dxc6 Qa5 15. Qb3 fxe4
16. c5+ Kh8 17. cxd6 Be6 18. Qb2 exd3 19. d7 bxc6 20. Bxf8 Rxf8 21. O-O Nxd7 22.
Ng5 Bg8 23. Nge4 Nac5 24. Rad1 Nxe4 25. Nxe4 Nc5 26. Nxc5 Qxc5 27. Rxd3 e4 28.
Qa3 Qxa3 29. Rxa3 Bd4 30. Ra4 c5 31. h4 e3 32. Kg2 e2 33. Re1 Rxf2+ 34. Kh3 Be6+
35. g4 Be5 36. Ra8+ Kg7 37. Ra7+ Kf6 38. Rh1 e1=Q 39. Rxe1 Rh2# 0-1

[Event "XXV OOM - Mistrzostwa Polski Juniorow Mlodszych - Chlopcy do lat 12"]
[Site "Sielpia"]
[Date "1899-12-30"]
[Round "6.3"]
[White "Wiatrowski, Zbigniew"]
[Black "Klimkowski, Jan"]
[Result "1/2-1/2"]
[WhiteTitle "I"]
[BlackTitle "I"]
[WhiteElo "1597"]
[BlackElo "2024"]

1. e4 c5 2. Nf3 d6 3. d4 cxd4 4. Nxd4 Nf6 5. Nc3 a6 6. Be2 e6 7. O-O Qc7 8. f4
Be7 9. Be3 b5 10. e5 dxe5 11. fxe5 Nfd7 12. Bf3 Bb7 13. Bxb7 Qxb7 14. Qg4 g6 15.
Nxe6 fxe6 16. Qxe6 Nc6 17. Nd5 O-O-O 18. Qxc6+ Qxc6 19. Nxe7+ Kb7 20. Nxc6 Kxc6
21. Bf4 Rde8 22. Rae1 Re6 23. Rf2 Rhe8 24. Rfe2 Nb6 25. Bg3 g5 26. Bf2 Nd5 27.
a3 h5 28. Re4 Nf6 29. R4e2 Nd5 30. Bd4 a5 31. g3 h4 32. Rf2 Rh8 33. Kf1 hxg3 34.
hxg3 Rh3 35. Rf3 g4 36. Rf8 Rxg3 37. Rc8+ Kd7 38. Rc5 Rf3+ 39. Ke2 Nf4+ 40. Kd1
Nd3 41. cxd3 Rxd3+ 42. Kc2 Rxd4 43. Rxb5 a4 44. Kc3 Rf4 45. Rb4 Rc6+ 46. Kd3 Rxb4
47. axb4 Rg6 48. Ke3 g3 49. Kf3 Ke6 50. Rg1 Kxe5 51. Rxg3 Rxg3+ 52. Kxg3 Kd4 53.
Kf2 Kc4 54. Ke2 Kxb4 1/2-1/2

[Event "XXV OOM - Mistrzostwa Polski Juniorow Mlodszych - Chlopcy do lat 12"]
[Site "Sielpia"]
[Date "1899-12-30"]
[Round "6.4"]
[White "Madej, Marek"]
[Black "Kejna, Piotr"]
[Result "1-0"]
[WhiteTitle "I"]
[BlackTitle "CM"]
[WhiteElo "1847"]
[BlackElo "1787"]

1. e4 c5 2. Nf3 Nc6 3. d4 cxd4 4. Nxd4 Qb6 5. Nb3 e6 6. Nc3 a6 7. Bd3 Be7 8. O-O
Qc7 9. a4 Nf6 10. f4 d6 11. Qe2 O-O 12. a5 d5 13. e5 Nd7 14. Be3 b5 15. axb6 Nxb6
16. Nd4 Bc5 17. Nf3 Bxe3+ 18. Qxe3 g6 19. Ne2 Nb4 20. Ned4 Bd7 21. Rae1 Rfc8 22.
f5 Qd8 23. fxg6 fxg6 24. Ng5 Qe7 25. Rf7 Qxf7 26. Nxf7 Kxf7 27. Qf4+ Kg8 28. Qh6
Nxd3 29. cxd3 Na4 30. Nf3 Re8 31. Ng5 Re7 32. Re3 Bb5 33. Rh3 Raa7 34. Rf3 Ra8
35. h4 Nxb2 36. h5 Bxd3 37. hxg6 Bxg6 38. Rf6 Rae8 39. Rxg6+ hxg6 40. Qxg6+ Kf8
41. Nh7+ Rxh7 42. Qxh7 Nc4 43. g4 Re7 44. Qh8+ Kf7 45. g5 Re8 46. Qh7+ Kf8 47.
g6 Nxe5 1-0

[Event "XXV OOM - Mistrzostwa Polski Juniorow Mlodszych - Chlopcy do lat 12"]
[Site "Sielpia"]
[Date "1899-12-30"]
[Round "6.5"]
[White "Trzebinski, Patryk"]
[Black "Herwy, Jakub"]
[Result "0-1"]
[WhiteTitle "I"]
[BlackTitle "I+"]
[WhiteElo "1793"]
[BlackElo "1713"]

1. e4 c5 2. Nf3 e6 3. d4 cxd4 4. Nxd4 a6 5. c4 d6 6. Nc3 Nd7 7. Be2 Ngf6 8. Be3
Qc7 9. O-O Be7 10. b3 b6 11. f4 Bb7 12. Bf3 h5 13. f5 e5 14. Nde2 Rc8 15. h4 g6
16. fxg6 fxg6 17. Qe1 Nc5 18. Ng3 Ng4 19. Bxg4 hxg4 20. Qd1 Qd7 21. b4 Bxh4 22.
Bf2 Bxg3 23. Bxg3 Nxe4 24. Nxe4 Bxe4 25. Qe2 Bf5 26. Rad1 Qe7 27. c5 bxc5 28.
Qxa6 O-O 29. Rxd6 cxb4 30. Rxg6+ Bxg6 31. Qxg6+ Qg7 32. Qe6+ Kh7 33. Rf5 Rc1+
34. Kf2 Qa7+ 35. Ke2 Rc2+ 36. Kd1 Rd8+ 37. Kxc2 Qc5+ 38. Kb3 Rd3+ 39. Ka4 Ra3#
0-1

[Event "XXV OOM - Mistrzostwa Polski Juniorow Mlodszych - Chlopcy do lat 12"]
[Site "Sielpia"]
[Date "1899-12-30"]
[Round "6.6"]
[White "Klim, Filip"]
[Black "Malek, Jan"]
[Result "0-1"]
[WhiteTitle "I"]
[BlackTitle "II"]
[WhiteElo "1543"]
[BlackElo "1502"]

1. e4 d6 2. d4 Nf6 3. Nc3 e5 4. Nf3 Nbd7 5. Bc4 Be7 6. O-O O-O 7. Be3 c6 8. Bb3
Qc7 9. h3 b5 10. Qd3 exd4 11. Bxd4 a5 12. a3 Ba6 13. Qe3 b4 14. Ne2 c5 15. Bxf6
Bxf6 16. Bd5 Bxb2 17. Rab1 Bd4 18. Nfxd4 cxd4 19. Nxd4 Bxf1 20. Bxa8 Rxa8 21.
Kxf1 Qc4+ 22. Qd3 Ne5 23. Qxc4 Nxc4 24. Ke2 Nxa3 25. Rb3 Rc8 26. Kd3 g6 27. c3
Nc4 28. cxb4 Ne5+ 29. Ke3 a4 30. Rb1 Rc3+ 31. Ke2 a3 32. Nb5 Rc2+ 33. Ke3 a2 34.
Ra1 Nc6 35. Nd4 Nxb4 36. Kf4 Rxf2+ 37. Kg3 Rb2 38. Rc1 Rb1 39. Rc8+ Kg7 40. Ra8
a1=Q 41. Rxa1 Rxa1 0-1

[Event "XXV OOM - Mistrzostwa Polski Juniorow Mlodszych - Chlopcy do lat 12"]
[Site "Sielpia"]
[Date "1899-12-30"]
[Round "6.7"]
[White "Grot, Blazej"]
[Black "Karwacki, Piotr"]
[Result "1/2-1/2"]
[WhiteTitle "CM"]
[BlackTitle "I"]
[WhiteElo "1604"]
[BlackElo "1813"]

1. e4 c5 2. Nf3 d6 3. d4 cxd4 4. Nxd4 Nf6 5. Nc3 a6 6. f3 e5 7. Nb3 Be6 8. Be3
Be7 9. Qd2 O-O 10. O-O-O a5 11. Qe1 Qc8 12. a3 a4 13. Nd2 d5 14. exd5 Nxd5 15.
Nxd5 Bxd5 16. Ne4 Bc6 17. h4 Qe6 18. Kb1 b5 19. Bd3 f6 20. Nc5 Qc8 21. h5 Be8
22. h6 g6 23. Be4 Bc6 24. Qc3 Bxe4 25. fxe4 Na6 26. Rd5 Qc6 27. Rhd1 Rfc8 28.
Nxa6 Qxc3 29. bxc3 Rxa6 30. Rd7 Bf8 31. Kb2 g5 32. g4 Rac6 33. Bd2 Bxh6 34. Rb7
Rc5 35. Be1 Rc4 36. Rd6 Rxe4 37. Rxf6 Bf8 38. Bd2 Rxg4 39. Rf5 Bg7 40. Rff7 Bh8
41. Rxh7 e4 42. Rh6 Rg3 43. Rg6+ Kf8 44. Bxg5 Bxc3+ 1/2-1/2

[Event "XXV OOM - Mistrzostwa Polski Juniorow Mlodszych - Chlopcy do lat 12"]
[Site "Sielpia"]
[Date "1899-12-30"]
[Round "6.8"]
[White "Janeczko, Jakub"]
[Black "Krawczyk, Flawian"]
[Result "0-1"]
[WhiteTitle "I"]
[BlackTitle "II"]
[WhiteElo "1544"]
[BlackElo "1800"]

1. e4 c5 2. Nf3 d6 3. d4 cxd4 4. Nxd4 Nf6 5. Nc3 a6 6. Bg5 Nbd7 7. f4 Qc7 8. Qf3
h6 9. Bxf6 Nxf6 10. h3 g5 11. fxg5 hxg5 12. O-O-O g4 13. Qd3 Bh6+ 14. Kb1 Bf4
15. Nf5 Bxf5 16. exf5 Be5 17. Nd5 Nxd5 18. Qxd5 Rc8 19. Bd3 Qb6 20. Qb3 Qxb3 21.
axb3 gxh3 22. gxh3 Kd7 23. Be4 Kc7 24. Bd5 Rcf8 25. Rdg1 Rh5 26. Rf1 Kb6 27. Rf3
Rh4 28. Rd1 a5 29. Bc4 Kc6 30. Rd5 b6 31. Rd1 b5 32. Bd5+ Kc5 33. Rfd3 Rf4 34.
Rf3 Rxf3 35. Bxf3 e6 36. Bg4 Re8 37. Rf1 Bg3 38. fxe6 fxe6 39. Kc1 e5 40. Bf5
d5 41. Kd2 e4 42. c3 Rg8 43. Bg4 Ra8 44. Rf6 Bh4 45. Rf5 a4 46. bxa4 bxa4 47.
Rh5 Bg3 48. Kc2 Re8 49. Be2 Rf8 50. c4 Kd4 51. Rxd5+ Ke3 52. Kd1 Rf2 53. Bg4 Rxb2
54. Ra5 Kd3 55. Kc1 Rb4 56. Rd5+ Kc3 57. Kd1 Rb1+ 0-1

[Event "XXV OOM - Mistrzostwa Polski Juniorow Mlodszych - Chlopcy do lat 12"]
[Site "Sielpia"]
[Date "1899-12-30"]
[Round "6.9"]
[White "Rog, Bartlomiej"]
[Black "Starosciak, Szymon"]
[Result "0-1"]
[WhiteTitle "I"]
[BlackTitle "II+"]
[WhiteElo "1491"]
[BlackElo "1661"]

1. e4 c5 2. Nf3 d6 3. d4 cxd4 4. Nxd4 Nf6 5. Nc3 Nc6 6. Bg5 e6 7. Qd2 a6 8. O-O-O
Bd7 9. f4 b5 10. Bxf6 gxf6 11. Kb1 b4 12. Nce2 Qb6 13. Nxc6 Bxc6 14. f5 e5 15.
Ng3 h5 16. h4 Qc5 17. Qe2 Ke7 18. Nxh5 Rc8 19. g4 Bb5 20. Qd2 Rxh5 21. gxh5 Bh6
22. Qxd6+ Qxd6 23. Rxd6 Kxd6 24. Bxb5 axb5 25. Rg1 Rc4 26. Rg4 Kc5 27. a3 bxa3
28. bxa3 Kd4 29. Rg8 Kxe4 30. Rh8 Be3 31. Rh7 Kxf5 32. Rxf7 Rxh4 33. Rb7 Rxh5
34. Rxb5 Bd4 35. c4 Ke4 36. a4 Kd3 0-1

[Event "XXV OOM - Mistrzostwa Polski Juniorow Mlodszych - Chlopcy do lat 12"]
[Site "Sielpia"]
[Date "1899-12-30"]
[Round "6.10"]
[White "Pancewicz, Szymon"]
[Black "Malinowski, Szymon"]
[Result "1-0"]
[WhiteTitle "I"]
[BlackTitle "I"]
[WhiteElo "1605"]
[BlackElo "1494"]

1. e4 c6 2. d4 d5 3. exd5 cxd5 4. Bd3 Nc6 5. c3 Nf6 6. h3 e5 7. dxe5 Nxe5 8. Nf3
Nxd3+ 9. Qxd3 Be7 10. Be3 O-O 11. O-O b6 12. Nbd2 Bb7 13. Nd4 Ne4 14. Rad1 Nc5
15. Qc2 Bg5 16. Bxg5 Qxg5 17. N2f3 Qf6 18. Rfe1 Rfe8 19. Rxe8+ Rxe8 20. Re1 Rxe1+
21. Nxe1 g6 22. Nef3 Qf4 23. Qe2 Ne4 24. Qb5 Kg7 25. Qd7 Qc1+ 26. Kh2 Nxf2 27.
Qxb7 Qh1+ 28. Kg3 Ne4+ 29. Kf4 Qc1+ 30. Ke5 Nc5 31. Qe7 Qe3+ 32. Kd6 Ne4+ 33.
Kd7 Nf6+ 34. Kd8 Qf4 35. Ne6+ Kg8 36. Qf8# 1-0

[Event "XXV OOM - Mistrzostwa Polski Juniorow Mlodszych - Chlopcy do lat 12"]
[Site "Sielpia"]
[Date "1899-12-30"]
[Round "6.11"]
[White "Wierzbicki, Dawid"]
[Black "Dziewonski, Dariusz"]
[Result "1-0"]
[WhiteTitle "I"]
[BlackTitle "I"]
[WhiteElo "1500"]
[BlackElo "1817"]

1. e4 c5 2. Nf3 d6 3. d4 cxd4 4. Qxd4 a6 5. c4 Nf6 6. Nc3 Nc6 7. Qd1 e6 8. Be2
Be7 9. O-O O-O 10. Bg5 h6 11. Be3 Qc7 12. Nd4 Ne5 13. Rc1 b6 14. Kh1 Bb7 15. f4
Ned7 16. Bf3 Rac8 17. b3 Qb8 18. Qe2 Bd8 19. Qf2 Bc7 20. f5 Nc5 21. Qh4 e5 22.
Nc2 Kh7 23. Bxc5 dxc5 24. g4 Bd8 25. Qh3 Ng8 26. Rcd1 Bg5 27. Nd5 Bxd5 28. cxd5
c4 29. Nb4 cxb3 30. axb3 Qb7 31. Be2 b5 32. Nc6 f6 33. Qd3 Ne7 34. Nxe7 Qxe7 35.
d6 Qd7 36. Qd5 Rfd8 37. Rd3 Rc2 38. Bf3 Bf4 39. Bg2 Bc1 40. b4 Rc4 41. Rfd1 Bb2
42. h4 Rd4 43. Rxd4 Bxd4 44. g5 Qxd6 45. Qf7 fxg5 46. h5 Rf8 47. Qg6+ Qxg6 48.
hxg6+ Kg8 49. Rc1 Ra8 50. Rc7 Be3 51. Rd7 Rc8 52. Bf3 Bd4 53. Bd1 Kh8 54. Bb3
Rc1+ 55. Kg2 Bb6 56. f6 Rg1+ 57. Kh2 1-0

[Event "XXV OOM - Mistrzostwa Polski Juniorow Mlodszych - Chlopcy do lat 12"]
[Site "Sielpia"]
[Date "1899-12-30"]
[Round "6.12"]
[White "Jaworski, Tymon"]
[Black "Rylski, Tadeusz"]
[Result "1-0"]
[WhiteTitle "II+"]
[BlackTitle "II+"]
[WhiteElo "1498"]
[BlackElo "1650"]

1. d4 Nf6 2. Bf4 e6 3. Nc3 d5 4. e3 c6 5. Nf3 Nbd7 6. Ne5 Nxe5 7. Bxe5 Bd6 8. f4
O-O 9. Bd3 Bb4 10. O-O c5 11. Nb5 c4 12. Nc7 cxd3 13. Nxa8 Bd6 14. cxd3 Bxe5 15.
fxe5 Ne8 16. Qa4 Qg5 17. Rf3 f6 18. Raf1 Qg6 19. Qxa7 Qxd3 20. Nb6 Nc7 21. Nxc8
Rxc8 22. Qa6 bxa6 1-0

[Event "XXV OOM - Mistrzostwa Polski Juniorow Mlodszych - Chlopcy do lat 12"]
[Site "Sielpia"]
[Date "1899-12-30"]
[Round "6.13"]
[White "Merecki, Antoni"]
[Black "Musial, Igor"]
[Result "0-1"]
[WhiteTitle "II"]
[BlackTitle "I"]
[WhiteElo "1177"]
[BlackElo "1602"]

1. e4 c5 2. Nf3 d6 3. Bb5+ Nd7 4. c4 Ngf6 5. Nc3 e6 6. d4 cxd4 7. Nxd4 Be7 8. f3
O-O 9. Be3 Nb6 10. Nde2 a6 11. Na4 Nxa4 12. Bxa4 Bd7 13. O-O Rc8 14. Bxd7 Qxd7
15. Rc1 b5 16. cxb5 Qxb5 17. Qd2 d5 18. Nc3 Qb7 19. exd5 Rfd8 20. Qe2 exd5 21.
Bd4 Bc5 22. Bxc5 Rxc5 23. Qe5 Qxb2 24. Qd4 Rdc8 25. Qxc5 Rxc5 26. Na4 Qxc1 27.
Rxc1 Rxc1+ 28. Kf2 Rc2+ 29. Ke3 Rxa2 30. Nc3 Rxg2 0-1

[Event "XXV OOM - Mistrzostwa Polski Juniorow Mlodszych - Chlopcy do lat 12"]
[Site "Sielpia"]
[Date "1899-12-30"]
[Round "6.14"]
[White "Grzadka, Artur"]
[Black "Sukiennik, Oliwier"]
[Result "1-0"]
[WhiteTitle "I"]
[BlackTitle "II+"]
[WhiteElo "1585"]
[BlackElo "1466"]

1. e4 d6 2. d4 Nf6 3. Nc3 g6 4. f3 Bg7 5. Be3 O-O 6. Qd2 e5 7. d5 a6 8. Nge2 Nh5
9. g4 Bxg4 10. fxg4 Qh4+ 11. Bf2 Qxg4 12. Rg1 Qc8 13. O-O-O b5 14. Ng3 Nf4 15.
Nce2 Qb7 16. Nxf4 exf4 17. Qxf4 Be5 18. Qh4 Bxg3 19. Rxg3 Nd7 20. Rh3 h5 21. Qg5
Ne5 22. Bd4 f6 23. Qh6 c5 24. Bxe5 fxe5 25. Qxg6+ Qg7 26. Qe6+ Qf7 27. Qxf7+ Rxf7
28. Rxh5 Raf8 29. Bh3 Rg7 30. Be6+ 1-0

[Event "XXV OOM - Mistrzostwa Polski Juniorow Mlodszych - Chlopcy do lat 12"]
[Site "Sielpia"]
[Date "1899-12-30"]
[Round "6.15"]
[White "Bochenek, Ryszard"]
[Black "Karp, Kacper"]
[Result "0-1"]
[WhiteTitle "II"]
[BlackTitle "II+"]
[WhiteElo "1433"]
[BlackElo "1571"]

1. d4 d5 2. Nf3 Nf6 3. g3 c5 4. Bg2 cxd4 5. Nxd4 e5 6. Nf3 Nc6 7. O-O h6 8. b3
Bc5 9. Bb2 Qc7 10. Nc3 Be6 11. Nd2 Rd8 12. e3 O-O 13. Qe2 a6 14. e4 Nd4 15. Qd1
Bg4 16. Qc1 dxe4 17. Ndxe4 Nxe4 18. Bxe4 Bb4 19. Qe3 Bxc3 20. Bxc3 Ne2+ 21. Kg2
Nxc3 22. Bd3 Nd5 23. Qe4 Nf6 0-1

[Event "XXV OOM - Mistrzostwa Polski Juniorow Mlodszych - Chlopcy do lat 12"]
[Site "Sielpia"]
[Date "1899-12-30"]
[Round "6.16"]
[White "Borowik, Wojciech"]
[Black "Miler, Franciszek"]
[Result "0-1"]
[WhiteTitle "I"]
[BlackTitle "II"]
[WhiteElo "1556"]
[BlackElo "1431"]

1. d4 Nf6 2. Nf3 e6 3. c4 Bb4+ 4. Bd2 Bxd2+ 5. Nbxd2 b6 6. e4 Bb7 7. Bd3 O-O 8.
Qc2 h6 9. O-O d5 10. cxd5 exd5 11. e5 Nfd7 12. Rfe1 c5 13. Bf5 Re8 14. e6 fxe6
15. Bxe6+ Kh8 16. Qg6 Nf8 17. Qf7 Nxe6 18. Ne5 Bc8 19. Qg6 Rf8 20. Nf7+ Rxf7 21.
Qxf7 Qg8 22. Qg6 Nc6 23. Nf3 Bd7 24. b4 Nexd4 25. Nh4 Nxb4 26. Re7 Be8 27. Qd6
Qf8 28. Rae1 Nb5 29. Qg3 Nc6 30. R7e2 Nbd4 31. Re3 Nc2 32. h3 Nxe1 33. Rxe1 Nd4
34. Qd3 Qf6 35. g3 g5 36. Ng2 Nf3+ 37. Kf1 Nxe1 38. Nxe1 Bc6 39. Nc2 Rf8 40. f4
gxf4 41. g4 d4 42. Qd2 Bb5+ 43. Kg1 f3 44. Qf2 Re8 45. h4 Re2 46. Qf1 Rg2+ 47.
Kh1 Bxf1 48. Ne3 Qxh4# 0-1

[Event "XXV OOM - Mistrzostwa Polski Juniorow Mlodszych - Chlopcy do lat 12"]
[Site "Sielpia"]
[Date "1899-12-30"]
[Round "6.17"]
[White "Adamala, Jacek"]
[Black "Nowak, Filip"]
[Result "0-1"]
[WhiteTitle "II"]
[BlackTitle "I"]
[WhiteElo "1317"]
[BlackElo "1591"]

1. e4 c5 2. Nf3 e6 3. d4 cxd4 4. Nxd4 Nf6 5. Nc3 d6 6. g4 h6 7. h4 Nc6 8. Rg1 h5
9. gxh5 Nxh5 10. Bg5 Nf6 11. Rg3 a6 12. Nxc6 bxc6 13. Qf3 Rb8 14. Bxa6 Rxb2 15.
e5 dxe5 16. Qxc6+ Bd7 17. O-O-O Ba3 18. Qxd7+ Qxd7 19. Rxd7 Rb6+ 20. Kd1 Kxd7
21. Bb5+ Ke7 22. Ne4 Rd8+ 23. Bd3 Rb2 24. Rf3 Rd5 25. Nxf6 gxf6 26. Bxf6+ Kf8
27. Ke2 Rb4 28. c4 Ra5 29. Rh3 Rb2+ 30. Kf3 Rd2 31. Be4 Rd4 32. h5 Bc1 33. Rh1
Rxc4 34. h6 Bxh6 35. Rxh6 Ke8 36. Rh8+ Kd7 37. Rd8+ Kc7 38. Bd3 Rf4+ 39. Ke3 Rxf6
40. Rh8 Rxa2 41. f3 Ra3 42. Rh3 Kd6 43. Ke2 Rf4 44. Rh8 Ke7 45. Rh5 Ra5 46. Be4
Kd6 47. Rh8 Ra4 48. Rd8+ Ke7 49. Rd3 Rfxe4+ 50. fxe4 Rxe4+ 51. Kf3 Ra4 52. Re3
Kd6 53. Rd3+ Rd4 54. Ra3 Ke7 55. Ra7+ Kf6 56. Ra5 Kf5 57. Ke3 Rb4 58. Rc5 Rb3+
59. Ke2 Kf6 60. Rc4 Kf5 61. Rc7 f6 62. Rc4 e4 63. Rc5+ e5 64. Rc2 Kf4 65. Rd2
f5 66. Rc2 Rh3 67. Rc4 Rh2+ 68. Ke1 Kf3 0-1

[Event "XXV OOM - Mistrzostwa Polski Juniorow Mlodszych - Chlopcy do lat 12"]
[Site "Sielpia"]
[Date "1899-12-30"]
[Round "6.18"]
[White "Wolski, Michal"]
[Black "Sniadecki, Oskar"]
[Result "0-1"]
[WhiteTitle "II"]
[BlackTitle "II"]
[WhiteElo "1448"]
[BlackElo "1345"]

1. e4 c5 2. Nf3 d6 3. Bb5+ Bd7 4. Bxd7+ Nxd7 5. O-O g6 6. d4 cxd4 7. Nxd4 Bg7 8.
Be3 Ngf6 9. Nd2 O-O 10. c4 Nc5 11. f3 Rc8 12. N2b3 Nfd7 13. Rc1 Ne5 14. Qe2 Nxb3
15. axb3 Nc6 16. Nxc6 bxc6 17. Rfd1 c5 18. b4 cxb4 19. Bxa7 Ra8 20. Bd4 Bxd4+
21. Rxd4 Qb6 22. Qf2 Rfc8 23. Rd2 Qxf2+ 24. Kxf2 Kg7 25. Ke3 Rc5 26. Rcc2 Rac8
27. b3 Ra5 28. Ra2 Rca8 29. Rxa5 Rxa5 30. Rc2 Ra3 31. Rb2 e5 32. g3 f5 33. g4
f4+ 34. Kf2 Kf6 35. Kg2 g5 36. Kf2 Ke6 37. Ke2 Kd7 38. Kf2 Kc6 39. Ke2 Kc5 40.
Kd3 Ra1 41. Kd2 Kd4 42. Ke2 Kc3 43. Rd2 Kxb3 44. Rxd6 Kxc4 45. Rd2 b3 46. Rb2
Kc3 47. Rd2 Ra2 0-1